Béate Collet et Emmanuelle Santelli, Couples d’ici, parents d’ailleurs. Parcours de descendants d’immigrés, Paris, Presses universitaires de France, 2012, 354 p., Jennifer A. Selby, Questioning French Secularism. Gender Politics and Islam in a Parisian Suburb, New York, Palgrave/Macmillan, 2012, 241 p. (notice n° 1637305)

détails MARC
000 -LEADER
fixed length control field 02617cam a2200205 4500500
005 - DATE AND TIME OF LATEST TRANSACTION
control field 20260111150244.0
041 ## - LANGUAGE CODE
Language code of text/sound track or separate title fre
042 ## - AUTHENTICATION CODE
Authentication code dc
100 10 - MAIN ENTRY--PERSONAL NAME
Personal name González Alcantud, José Antonio
Relator term author
245 00 - TITLE STATEMENT
Title Béate Collet et Emmanuelle Santelli, Couples d’ici, parents d’ailleurs. Parcours de descendants d’immigrés, Paris, Presses universitaires de France, 2012, 354 p., Jennifer A. Selby, Questioning French Secularism. Gender Politics and Islam in a Parisian Suburb, New York, Palgrave/Macmillan, 2012, 241 p.
260 ## - PUBLICATION, DISTRIBUTION, ETC.
Date of publication, distribution, etc. 2013.<br/>
500 ## - GENERAL NOTE
General note 58
520 ## - SUMMARY, ETC.
Summary, etc. À travers l’étude anthropologique de deux ensembles monumentaux d’origine islamique, l’Alhambra de Grenade et la Chellah de Rabat, l’auteur introduit le concept de « patrimoine vivant » en opposition aux regards aujourd’hui dominants de l’archéologue ou de l’amateur d’art. Ce concept se veut aussi une alternative à celui, plus ambigu, de « patrimoine immatériel », largement accepté dans les milieux anthropologiques, mais qui brouille la perception. Il illustre bien la notion de « malaise dans la civilisation » inventée par Freud.
520 ## - SUMMARY, ETC.
Summary, etc. Discontent in heritage : the case of the Alhambra of Grenade and the Chellah of RabatExamining two architectural groupings of Islamic origin, the Alhambra of Grenade and the Chellah of Rabat, the author offers the concept of “living heritage” as opposed to the contemporary trends that prefer to consider these places from an archeological or esthetic point of view. An alternative to the ambiguous notion of “intangible heritage”, widely circulated in the anthropological world which tends to blur the analysis, this concept is related to the notion of “civilization and its discontents” as proposed by Freud.
520 ## - SUMMARY, ETC.
Summary, etc. Am Beispiel von zwei islamischen Prachtbauten, der Alhambra in Grenada und der Chellah in Rabat entwickelt der Autor in seiner anthropologischen Studie das Konzept eines „lebendigen Kulturerbes“, das er den gebräuchlichen, archäologischen und ästhetisierenden Konzepten gegenüberstellt. Das Konzept soll ebenfalls eine Alternative zum Konzept des „immateriellen Kulturerbes“sein. Dieses ist zwar in weiten Kreisen der Anthropologie akzeptiert, betont aber zu sehr die freudsche Kategorie des Unbehagens in der Zivilisation.
700 10 - ADDED ENTRY--PERSONAL NAME
Personal name René, Jean
Relator term author
700 10 - ADDED ENTRY--PERSONAL NAME
Personal name Trochet, Nani
Relator term author
786 0# - DATA SOURCE ENTRY
Note Ethnologie française | 43 | 3 | 2013-06-19 | p. 555i-557i | 0046-2616
856 41 - ELECTRONIC LOCATION AND ACCESS
Uniform Resource Identifier <a href="https://shs.cairn.info/revue-ethnologie-francaise-2013-3-page-555i?lang=fr&redirect-ssocas=7080">https://shs.cairn.info/revue-ethnologie-francaise-2013-3-page-555i?lang=fr&redirect-ssocas=7080</a>

Pas d'exemplaire disponible.

PLUDOC

PLUDOC est la plateforme unique et centralisée de gestion des bibliothèques physiques et numériques de Guinée administré par le CEDUST. Elle est la plus grande base de données de ressources documentaires pour les Étudiants, Enseignants chercheurs et Chercheurs de Guinée.

Adresse

627 919 101/664 919 101

25 boulevard du commerce
Kaloum, Conakry, Guinée

Réseaux sociaux

Powered by Netsen Group @ 2025